<?xml version="1.0" encoding="UTF-8"?>
<record
    xmlns:xsi="http://www.w3.org/2001/XMLSchema-instance"
    xsi:schemaLocation="http://www.loc.gov/MARC21/slim http://www.loc.gov/standards/marcxml/schema/MARC21slim.xsd"
    xmlns="http://www.loc.gov/MARC21/slim">

  <leader>00785cam a2200265 a 4500</leader>
  <datafield tag="999" ind1=" " ind2=" ">
    <subfield code="c">330647</subfield>
    <subfield code="d">330647</subfield>
  </datafield>
  <controlfield tag="001">2993365</controlfield>
  <controlfield tag="003">NUST</controlfield>
  <controlfield tag="005">20170727104419.0</controlfield>
  <controlfield tag="008">930226s1993    ii            000 1 urdo </controlfield>
  <datafield tag="010" ind1=" " ind2=" ">
    <subfield code="a">   92912257 </subfield>
  </datafield>
  <datafield tag="020" ind1=" " ind2=" ">
    <subfield code="a">8185360863</subfield>
  </datafield>
  <datafield tag="025" ind1=" " ind2=" ">
    <subfield code="a">I-U-8715</subfield>
  </datafield>
  <datafield tag="040" ind1=" " ind2=" ">
    <subfield code="a">DLC</subfield>
    <subfield code="c">DLC</subfield>
    <subfield code="d">DLC</subfield>
  </datafield>
  <datafield tag="050" ind1="0" ind2="0">
    <subfield code="a">PK2200.I57</subfield>
    <subfield code="b">A78 1993</subfield>
  </datafield>
  <datafield tag="082" ind1=" " ind2=" ">
    <subfield code="a">891.4393</subfield>
    <subfield code="b">HUS</subfield>
  </datafield>
  <datafield tag="100" ind1="0" ind2=" ">
    <subfield code="a">Intiz&#x324;&#x101;r &#x1E24;usain,</subfield>
    <subfield code="d">1925-2016.</subfield>
    <subfield code="9">3602</subfield>
  </datafield>
  <datafield tag="245" ind1="1" ind2="0">
    <subfield code="a">&#x100;k&#x332;h&#x332;ir&#x12B; &#x101;dm&#x12B; /</subfield>
    <subfield code="c">Intiz&#x324;&#x101;r &#x1E24;usain.</subfield>
  </datafield>
  <datafield tag="260" ind1=" " ind2=" ">
    <subfield code="a">Lahore :</subfield>
    <subfield code="b">Sang -e- Mil publications,</subfield>
    <subfield code="c">2007.</subfield>
  </datafield>
  <datafield tag="300" ind1=" " ind2=" ">
    <subfield code="a">160 p. ;</subfield>
    <subfield code="c">23 cm.</subfield>
  </datafield>
  <datafield tag="500" ind1=" " ind2=" ">
    <subfield code="a">Short stories.</subfield>
  </datafield>
  <datafield tag="546" ind1=" " ind2=" ">
    <subfield code="a">In Urdu</subfield>
  </datafield>
  <datafield tag="650" ind1=" " ind2=" ">
    <subfield code="a">Urdu Literature</subfield>
    <subfield code="9">347</subfield>
  </datafield>
  <datafield tag="880" ind1=" " ind2=" ">
    <subfield code="6">100-01\(3\r</subfield>
    <subfield code="a">&#x627;&#x646;&#x62A;&#x638;&#x627;&#x631; &#x62D;&#x633;&#x6CC;&#x646;</subfield>
  </datafield>
  <datafield tag="880" ind1=" " ind2=" ">
    <subfield code="6">245-02\(3\r</subfield>
    <subfield code="a">&#x622;&#x62E;&#x631;&#x6CC; &#x622;&#x62F;&#x645;&#x6CC;</subfield>
    <subfield code="c">&#x627;&#x646;&#x62A;&#x638;&#x627;&#x631; &#x62D;&#x633;&#x6CC;&#x646;</subfield>
  </datafield>
  <datafield tag="880" ind1=" " ind2=" ">
    <subfield code="6">260-03\(3\r</subfield>
    <subfield code="a">&#x644;&#x627;&#x6C1;&#x648;&#x631;:</subfield>
    <subfield code="b">&#x633;&#x646;&#x6AF; &#x645;&#x6CC;&#x644; &#x67E;&#x628;&#x644;&#x6CC; &#x6A9;&#x6CC;&#x634;&#x646;&#x632;&#x60C;</subfield>
    <subfield code="c">2007</subfield>
  </datafield>
  <datafield tag="906" ind1=" " ind2=" ">
    <subfield code="a">7</subfield>
    <subfield code="b">cbc</subfield>
    <subfield code="c">orignew</subfield>
    <subfield code="d">3</subfield>
    <subfield code="e">ncip</subfield>
    <subfield code="f">19</subfield>
    <subfield code="g">y-gencatlg</subfield>
  </datafield>
  <datafield tag="942" ind1=" " ind2=" ">
    <subfield code="2">ddc</subfield>
    <subfield code="c">BK</subfield>
  </datafield>
  <datafield tag="952" ind1=" " ind2=" ">
    <subfield code="0">0</subfield>
    <subfield code="1">0</subfield>
    <subfield code="2">ddc</subfield>
    <subfield code="4">0</subfield>
    <subfield code="7">0</subfield>
    <subfield code="8">FIC</subfield>
    <subfield code="a">CL</subfield>
    <subfield code="b">CL</subfield>
    <subfield code="c">FIC</subfield>
    <subfield code="d">2017-07-27</subfield>
    <subfield code="l">3</subfield>
    <subfield code="o">891.4393 HUS</subfield>
    <subfield code="p">CL3181</subfield>
    <subfield code="r">2024-06-06</subfield>
    <subfield code="s">2024-05-15</subfield>
    <subfield code="t">1</subfield>
    <subfield code="w">2017-07-27</subfield>
    <subfield code="y">BK</subfield>
  </datafield>
</record>
